Kovové materiály 4 : výroba a zpracování ocelí a litin /

Hlavní autor: Machek, Václav, 1938-
Korporativní autor: České vysoké učení technické v Praze. Dopravní fakulta
Jazyk: Čeština
Vydáno: V Praze : České vysoké učení technické, 2015
Vydání: 1. vyd.
Témata:
Fyzický popis: 143 s. : il. ; 30 cm
Knihy
Uloženo v:
LEADER 02153nam a2200577 a 4500
001 nkc20152680660
003 CZ PrNK
005 20150429082138.0
007 ta
008 150226s2015 xr a e p 000 0 cze
015 |a cnb002680660 
020 |a 978-80-01-05686-8  |q (brož.) 
035 |a (OCoLC)908821553 
040 |a BOA001  |b cze 
072 7 |a 621  |x Strojírenství  |2 Konspekt  |9 19 
072 7 |a 37.016  |x Učební osnovy. Vyučovací předměty. Učebnice  |2 Konspekt  |9 22 
080 |a 669.018  |2 MRF 
080 |a 669.14  |2 MRF 
080 |a 669.13  |2 MRF 
080 |a 621.7-034  |2 MRF 
080 |a 621.7/.9  |2 MRF 
080 |a (075.8)  |2 MRF 
100 1 |a Machek, Václav,  |d 1938-  |7 xx0000135  |4 aut 
245 1 0 |a Kovové materiály 4 :  |b výroba a zpracování ocelí a litin /  |c Václav Machek 
246 3 0 |a Výroba a zpracování ocelí a litin 
250 |a 1. vyd. 
260 |a V Praze :  |b České vysoké učení technické,  |c 2015 
300 |a 143 s. :  |b il. ;  |c 30 cm 
500 |a Na obálce nad názvem: České vysoké učení technické v Praze, Fakulta dopravní 
500 |a 50 výt. 
504 |a Obsahuje bibliografii 
650 0 7 |a kovové materiály  |7 ph121911  |2 czenas 
650 0 7 |a ocel  |7 ph123645  |2 czenas 
650 0 7 |a litiny  |7 ph122413  |2 czenas 
650 0 7 |a zpracování kovů  |7 ph135518  |2 czenas 
650 0 7 |a strojírenské technologie  |7 ph184908  |2 czenas 
650 0 9 |a metal materials  |2 eczenas 
650 0 9 |a steel  |2 eczenas 
650 0 9 |a cast-iron  |2 eczenas 
650 0 9 |a metal processing  |2 eczenas 
650 0 9 |a mechanical technologies  |2 eczenas 
655 7 |a učebnice vysokých škol  |7 fd133772  |2 czenas 
655 9 |a textbooks (higher)  |2 eczenas 
710 2 |a České vysoké učení technické v Praze.  |b Dopravní fakulta  |7 kn20010710174 
910 2 |a BOA001  |b 4-1340.755 
928 9 |a Česká technika - nakladatelství ČVUT 
990 |a BK 
995 |a 01 
991 |b 201504  |c NOV  |e n 
996 6 |b 2610625880  |c 4-1340.755  |l MZK  |r Sklad / do 1 hodiny  |n 2  |p p.v.  |w 001496219  |u 000010  |a 1  |e BOA001  |j MZK50  |s P 
996 7 |b 2610631011  |c 4-1340.755  |l MZK  |r Sklad / do 1 hodiny  |n 7  |p kup  |w 001496219  |u 000020  |a 1  |e BOA001  |j MZK50  |s A